书目信息 |
| 题名: |
隋唐演义
|
|
| 作者: | 褚人获 著 | |
| 分册: | 上册 | |
| 出版信息: | 天津 天津古籍出版社 2004.09 |
|
| 页数: | 377页 | |
| 开本: | 19cm | |
| 丛书名: | ||
| 单 册: | ||
| 中图分类: | I242.4 | |
| 科图分类: | ||
| 主题词: | 小说--中国 | |
| 电子资源: | ||
| ISBN: | 7-80696-133-X | |
| 000 | 00543nam0 2200193 45 | |
| 001 | 1009041559 | |
| 005 | 20060621103110.40 | |
| 010 | @a7-80696-133-X@dCNY 11.00 | |
| 100 | @a20100904d2004 km y0chiy0120 ea | |
| 101 | 0 | @achi |
| 102 | @aCN@b120000 | |
| 200 | 1 | @a隋唐演义@ASui Tang Yan Yi@h上册@f(清)褚人获著@F(Qing)Zhu Ren Huo Zhu |
| 210 | @a天津@c天津古籍出版社@d2004.09 | |
| 215 | @a377页@d19cm | |
| 606 | 0 | @a小说@x中国 |
| 690 | @aI242.4@v3 | |
| 701 | 0 | @a褚人获@4著 |
| 801 | @aCN@bPftUser@c20060621 | |
| 905 | @b119936-940@dI242.4@eC904:1@f5 | |
| 隋唐演义.上册/(清)褚人获著.-天津:天津古籍出版社,2004.09 |
| 377页;19cm |
| ISBN 7-80696-133-X:CNY 11.00 |
| ● |
| 相关链接 |
|
|
|
正题名:隋唐演义
索取号:I242.4/C904:1
 
预约/预借
| 序号 | 登录号 | 条形码 | 馆藏地/架位号 | 状态 | 备注 |
| 1 | 443277 | 204432774 | 社科二线422/422社科库 18排2列1层/ [索取号:I242.4/C904:1] | 在馆 |